Economía internacional: Perspectiva latinoamericana / Allex Yamil Caicedo (Registro nro. 3789)

Detalles MARC
000 -LEADER
fixed length control field 00538nam a22001931a 4500
001 - CONTROL NUMBER
control field 3789
003 - CONTROL NUMBER IDENTIFIER
control field OSt
005 - DATE AND TIME OF LATEST TRANSACTION
control field 20260204211904.0
008 - FIXED-LENGTH DATA ELEMENTS--GENERAL INFORMATION
fixed length control field 050218s2002||||ck ||||||b||||||||||spa||
020 ## - NUMERO DE LIBRO INTERNACIONAL NORMALIZADO
International Standard Book Number 9583331783
050 ## - LIBRARY OF CONGRESS CALL NUMBER
Classification number 337 C12e
082 ## - DEWEY DECIMAL CLASSIFICATION NUMBER
Classification number 337 C12e
100 ## - ASIENTO PRINCIPAL -- NOMBRE PERSONAL
Personal name Caicedo, Allex Yamil
245 ## - TÍTULO PROPIAMENTE DICHO: SUBTÍTULO
Title Economía internacional: Perspectiva latinoamericana / Allex Yamil Caicedo
264 ## - PRODUCTION, PUBLICATION, DISTRIBUTION, MANUFACTURE, AND COPYRIGHT NOTICE
Place of production, publication, distribution, manufacture Colombia : Tcno - Press Ediciones
300 ## - PHYSICAL DESCRIPTION
Extensión 294 p
650 ## - ASIENTO SECUNDARIO DE MATERIA -- TERMINO TEMÁTICO
Termino Temático Como Elemento de Entrada 1.Economía Internacional 2.Comercio InternacionalÌ
942 ## - ADDED ENTRY ELEMENTS (KOHA)
Source of classification or shelving scheme Dewey Decimal Classification
Koha item type Libros
Existencias
Withdrawn status Lost status Source of classification or shelving scheme Damaged status Not for loan Current library Date acquired Total Checkouts Full call number Barcode Date last seen Price effective from Koha item type Date last checked out
    Dewey Decimal Classification     Biblioteca UTECO 09/09/2019   337 C12E 008383 09/09/2019 09/09/2019 Libros  
    Dewey Decimal Classification     Biblioteca UTECO 09/09/2019   337 C12E 008384 09/09/2019 09/09/2019 Libros  
    Dewey Decimal Classification     Biblioteca UTECO 09/09/2019   337 C12E 007817 09/09/2019 09/09/2019 Libros  
    Dewey Decimal Classification     Biblioteca UTECO 09/09/2019   337 C12E 015788 09/09/2019 09/09/2019 Libros  
    Dewey Decimal Classification Descartado para donación   Biblioteca UTECO 09/09/2019 1 337 C12E 015789 03/09/2023 09/09/2019 Libros 02/23/2023
    Dewey Decimal Classification     Biblioteca UTECO 09/09/2019   337 C12E 015790 09/09/2019 09/09/2019 Libros  
© 2021 Derechos Reservados UTECO - Teléfono: +1 809-585-2291 - Correo electrónico: biblioteca@uteco.edu.do​  
Código postal 43000 ​​
Dirección: Avenida Universitaria No. 100, 
Cotuí, Provincia Sánchez Ramírez, República Dominicana - RNC: 404-00059-6